000
00267nam a2200109Ia 4500
008
190216s9999||||xx |||||||||||||| ||und||
100
_a
James Scott
245
4
_a
The Making Of Literature
260
_b
Mercury Books
_c
1963
650
_a
English Literature
942
_c
BK
999
_c
11597
_d
11597